| 000 | 00701nam a2200253 a 4500 | ||
|---|---|---|---|
| 003 | AR-BaBNM | ||
| 005 | 20251128210156.0 | ||
| 008 | 082120s2002 ||||||||||||||000 | spa|| | ||
| 020 | _a968-24-3445-9 | ||
| 040 | _cAR-BaBNM | ||
| 100 | 1 | _aMendoza Núñez, Alejandro | |
| 245 | 0 | 0 |
_aLas preguntas en la escuela _bcomo estrategia didáctica |
| 250 | _a2ª ed. | ||
| 260 |
_aMéxico, D.F. _bTrillas _c1998 |
||
| 300 |
_a74 p. _bil., tablas |
||
| 500 | _aContiene referencias bibliográficas | ||
| 650 | 4 | _aMETODOS DE ENSEÑANZA | |
| 650 | 4 | _aTECNICAS DIDACTICAS | |
| 650 | 4 | _aACTIVIDADES | |
| 650 | 4 | _aPRACTICA DOCENTE | |
| 653 | _aESTRATEGIAS EDUCATIVAS | ||
| 942 | _cBK | ||
| 998 | _cRaquel | ||
| 999 |
_c14386 _d14386 |
||